[Event "Titled Tue 3rd Jan Late"]
[Site "chess.com INT"]
[Date "2025.06.03"]
[Round "2"]
[White "Kleimenov, Nikolay"]
[Black "Erdogmus, Yagiz Kaan"]
[Result "0-1"]
[WhiteTitle "CM"]
[BlackTitle "GM"]
[WhiteElo "2198"]
[BlackElo "2618"]
[WhiteFideId "34414223"]
[BlackFideId "44599790"]
[EventDate "2025.06.03"]

1. e4 c5 2. Nf3 b6 3. d4 cxd4 4. Nxd4 Bb7 5. Nc3 a6 6. Be3 e6 7. a3 Qc7 8. f3 b5
9. Qd2 Nf6 10. Be2 Nc6 11. O-O-O b4 12. axb4 Bxb4 13. Nxc6 Bxc6 14. Qd4 Qa5 15.
Na2 Be7 16. Kb1 Rb8 17. Bf4 Rb7 18. Bd6 Bd5 19. exd5 Bxd6 20. Bc4 O-O 21. Rhe1
Bxh2 22. b4 Qc7 23. Bb3 a5 24. d6 Qb8 25. bxa5 Bg3 26. a6 Rb6 27. Re3 Rxd6 0-1

[Event "Titled Tue 3rd Jan Late"]
[Site "chess.com INT"]
[Date "2025.06.03"]
[Round "2"]
[White "Tristan, Leonardo"]
[Black "Pribelszky, Bence"]
[Result "1-0"]
[WhiteTitle "GM"]
[BlackTitle "IM"]
[WhiteElo "2536"]
[BlackElo "2400"]
[WhiteFideId "113816"]
[BlackFideId "769738"]
[EventDate "2025.06.03"]

1. d4 d6 2. Nf3 Nf6 3. Nc3 d5 4. Bf4 a6 5. e3 e6 6. Ne5 c5 7. g4 b5 8. Qf3 Bb7
9. g5 Ne4 10. Nxf7 Qa5 11. Nxh8 Nxc3 12. Bxb8 Be7 13. Qf7+ Kd7 14. Bh3 Ne4+ 15.
c3 Nxg5 16. Qxg7 Rxb8 17. Bg4 cxd4 18. exd4 b4 19. O-O bxc3 20. bxc3 Qxc3 21.
Rab1 h5 22. Ng6 Qa3 23. Rb3 Qd6 24. Ne5+ Ke8 25. Qg6+ 1-0

[Event "Titled Tue 3rd Jan Late"]
[Site "chess.com INT"]
[Date "2025.06.03"]
[Round "2"]
[White "Albertini, Luca"]
[Black "Lyakh, Vasiliy"]
[Result "0-1"]
[WhiteElo "2139"]
[BlackElo "2116"]
[WhiteFideId "847038"]
[BlackFideId "14189828"]
[EventDate "2025.06.03"]

1. d4 Nf6 2. c4 e5 3. dxe5 Ng4 4. Nf3 Bc5 5. e3 Nc6 6. Nc3 O-O 7. Be2 Ngxe5 8.
O-O Re8 9. a3 a5 10. Rb1 Nxf3+ 11. Bxf3 Ne5 12. b4 Nxf3+ 13. Qxf3 axb4 14. axb4
Bf8 15. Bb2 Bxb4 16. Ne4 Qh4 17. Nf6+ gxf6 18. Bxf6 Qe4 19. Rxb4 Qxf3 20. gxf3
d6 21. Kh1 Re6 22. Rg1+ Kf8 23. Bc3 b6 24. e4 Bb7 25. Rg5 Ra3 26. Bg7+ Ke7 27.
Kg2 Rg6 28. Rxg6 hxg6 29. Bb2 Rd3 30. Bc1 f5 31. Be3 fxe4 32. fxe4 Bxe4+ 33. Kg3
Bf5 34. Kf4 Be6 35. Kg5 Kf7 36. c5 dxc5 37. Rf4+ Bf5 38. h4 Rd1 0-1

[Event "Titled Tue 3rd Jan Late"]
[Site "chess.com INT"]
[Date "2025.06.03"]
[Round "2"]
[White "Pereyra, Horacio"]
[Black "Walmer, Benjamin"]
[Result "0-1"]
[WhiteElo "2133"]
[BlackElo "1990"]
[WhiteFideId "113700"]
[BlackFideId "30958164"]
[EventDate "2025.06.03"]

1. d4 d5 2. Nc3 Nf6 3. Bg5 e6 4. e4 dxe4 5. Nxe4 Be7 6. Bxf6 gxf6 7. Nf3 f5 8.
Nc3 a6 9. Bc4 Nd7 10. Qe2 b5 11. Bb3 Nf6 12. O-O-O b4 13. Na4 Bb7 14. Ne5 O-O
15. Nc5 Bd5 16. Rhe1 a5 17. g4 fxg4 18. Nxg4 Nxg4 19. Qxg4+ Kh8 20. Re5 Rg8 21.
Qh5 Bg5+ 22. Kb1 Bxb3 23. axb3 Rg6 24. Qf3 Bf6 25. Rh5 Qg8 26. d5 Rd8 27. Ka2
Be7 28. Ne4 a4 29. bxa4 f5 30. Ng3 exd5 31. b3 d4 32. Nxf5 Bf6 33. Rd3 Ra8 34.
Qh3 Rxa4+ 35. Kb1 Rg1+ 36. Kb2 Ra2+ 37. Kxa2 Qa8+ 38. Kb2 Qa1# 0-1

[Event "Titled Tue 3rd Jan Late"]
[Site "chess.com INT"]
[Date "2025.06.03"]
[Round "2"]
[White "Alazmi, Amani"]
[Black "Makaraci, Tunahan"]
[Result "0-1"]
[WhiteTitle "WCM"]
[BlackTitle "FM"]
[WhiteElo "1725"]
[BlackElo "2233"]
[WhiteFideId "10303553"]
[BlackFideId "6356559"]
[EventDate "2025.06.03"]

1. c4 e6 2. e4 d5 3. cxd5 exd5 4. exd5 Nf6 5. Nc3 Nxd5 6. Bc4 c6 7. Nf3 Bg4 8.
Be2 Be7 9. O-O O-O 10. h3 Bh5 11. d4 Na6 12. Ne5 Bxe2 13. Qxe2 Nac7 14. Re1 Bb4
15. Bd2 Ne6 16. Qg4 f5 17. Qe2 Nxd4 18. Qc4 Bxc3 19. Bxc3 Nc2 20. Re3 Nxe3 21.
fxe3 Qg5 22. Bd2 Rfe8 23. Nf3 Qf6 24. Bc3 Qe6 25. Re1 Rad8 26. Ng5 Qg6 27. h4 h6
28. Nf3 Qg4 29. Qb3 Kh7 30. Be5 Qe4 31. Qxb7 Rxe5 32. Nxe5 Qxe5 33. Qxc6 Nxe3
34. Qf3 f4 35. g3 Qd4 36. gxf4 Nc2+ 37. Qf2 Qxf2+ 38. Kxf2 Nxe1 0-1

[Event "Titled Tue 3rd Jan Late"]
[Site "chess.com INT"]
[Date "2025.06.03"]
[Round "2"]
[White "May Sanchez, Andres Elias"]
[Black "Rodriguez, Santiago"]
[Result "0-1"]
[WhiteTitle "CM"]
[BlackTitle "CM"]
[WhiteElo "2209"]
[BlackElo "2252"]
[WhiteFideId "5150973"]
[BlackFideId "3000591"]
[EventDate "2025.06.03"]

1. d4 Nf6 2. c4 e6 3. Nc3 Bb4 4. e3 Ne4 5. Qc2 f5 6. Bd3 O-O 7. Ne2 b6 8. O-O d5
9. a3 Bd6 10. b4 Qh4 11. g3 Qh3 12. cxd5 Rf6 13. f3 Nxg3 14. hxg3 Bxg3 15. Nxg3
Qxg3+ 16. Qg2 Qh4 17. Qh2 Rg6+ 18. Kh1 Qf6 19. e4 Qxd4 20. Qc2 c5 21. Bd2 c4 22.
Be2 Nd7 23. Rg1 Ne5 24. Rxg6 hxg6 25. Rg1 Bd7 26. f4 Nd3 27. Bxd3 cxd3 28. Qd1
Kf7 29. Qf3 Rc8 30. dxe6+ Bxe6 31. Nd5 fxe4 32. Qg3 Qxd5 33. Qxg6+ Ke7 34. Qxg7+
Kd6 35. f5 e3+ 36. Rg2 exd2 37. Qg3+ Kc6 0-1

[Event "Titled Tue 3rd Jan Late"]
[Site "chess.com INT"]
[Date "2025.06.03"]
[Round "2"]
[White "Vaganian, Rafael A"]
[Black "Yadegar, Radin"]
[Result "0-1"]
[WhiteTitle "GM"]
[BlackTitle "FM"]
[WhiteElo "2449"]
[BlackElo "2387"]
[WhiteFideId "13300016"]
[BlackFideId "42519985"]
[EventDate "2025.06.03"]

1. d4 c5 2. d5 d6 3. Nc3 e5 4. e4 Be7 5. Bb5+ Nd7 6. a4 Bg5 7. Nf3 Bxc1 8. Qxc1
Ne7 9. Nd2 O-O 10. O-O Nf6 11. Be2 Ng6 12. g3 Bh3 13. Re1 Ne8 14. Nc4 f5 15.
exf5 Bxf5 16. Ne3 Bd7 17. Bb5 Nf6 18. Bxd7 Qxd7 19. Nc4 Qh3 20. f3 Nh5 21. Ne4
Rxf3 22. Re3 Raf8 23. Rxf3 Rxf3 24. Qd1 Rf8 25. Qe2 Ngf4 26. gxf4 Nxf4 27. Qd2
Qg4+ 28. Ng3 Nh3+ 29. Kg2 Rf2+ 30. Qxf2 Nxf2 31. Nxd6 Nh3 32. Rf1 Nf4+ 33. Kh1
Qd7 34. Ndf5 Qxd5+ 35. Kg1 Qg2# 0-1

[Event "Titled Tue 3rd Jan Late"]
[Site "chess.com INT"]
[Date "2025.06.03"]
[Round "2"]
[White "Annaberdiyev, Babageldi"]
[Black "Materia, Marco"]
[Result "0-1"]
[WhiteTitle "FM"]
[BlackTitle "IM"]
[WhiteElo "2208"]
[BlackElo "2489"]
[WhiteFideId "14000385"]
[BlackFideId "45150451"]
[EventDate "2025.06.03"]

1. e4 c6 2. d4 d5 3. Nd2 dxe4 4. Nxe4 Bf5 5. Ng3 Bg6 6. h4 h6 7. Nf3 Nd7 8. h5
Bh7 9. Bc4 Ngf6 10. Qe2 e6 11. Ne5 Nxe5 12. dxe5 Nd5 13. O-O Qc7 14. Bxd5 cxd5
15. c3 Be7 16. f4 O-O-O 17. Be3 Kb8 18. a4 f6 19. Bd4 Rhf8 20. a5 Bc5 21. exf6
Rxf6 22. Kh2 Bxd4 23. cxd4 Rxf4 24. Qe3 Re4 25. Qc3 Qxc3 26. bxc3 Re3 27. Rf3
Rxf3 28. gxf3 Rc8 29. Ra3 Rc6 30. Ne2 Kc7 31. Nf4 Kd6 32. Rb3 Rc7 33. Kg3 Bc2
34. Rb2 Ba4 35. Ng6 Be8 36. Ne5 Bxh5 37. a6 b6 38. Rb3 Be8 39. Ra3 Bb5 40. f4
Ke7 41. Kg4 Be2+ 42. Kg3 Kf6 43. Kf2 Bb5 44. Kg3 Kf5 45. Kf3 Rc8 46. Ke3 h5 47.
Nf3 Rh8 48. Ra2 h4 49. Rh2 h3 50. Ng5 Kg4 51. Kf2 Bxa6 52. Nxe6 Bd3 53. Nxg7 Be4
54. f5 Kg5 55. Kg3 Bg2 56. Ne6+ Kxf5 57. Nc7 Rg8+ 58. Kf2 Ke4 59. Nb5 a5 0-1

[Event "Titled Tue 3rd Jan Late"]
[Site "chess.com INT"]
[Date "2025.06.03"]
[Round "2"]
[White "Brozynski, Patryk"]
[Black "Volkov, Maksim"]
[Result "0-1"]
[WhiteTitle "CM"]
[BlackTitle "FM"]
[WhiteElo "2219"]
[BlackElo "2370"]
[WhiteFideId "2512700"]
[BlackFideId "54123070"]
[EventDate "2025.06.03"]

1. Nf3 d5 2. b3 Nf6 3. Bb2 Bf5 4. e3 e6 5. c4 Be7 6. Nc3 O-O 7. Be2 h6 8. O-O c5
9. d4 dxc4 10. Bxc4 Nc6 11. d5 exd5 12. Nxd5 Nxd5 13. Qxd5 Qxd5 14. Bxd5 Rac8
15. Ne5 Nxe5 16. Bxe5 b5 17. Rac1 Bd3 18. Rfd1 c4 19. Bb7 Rcd8 20. bxc4 bxc4 21.
Ba6 Ba3 22. Ra1 Rd5 23. Bd4 Rb8 24. Bc3 Bb2 25. Bxb2 Rxb2 26. Rac1 Rxa2 27. Bb7
Rb5 28. Bc6 Rbb2 29. Ba8 Rxf2 30. Rxd3 cxd3 31. Be4 g6 32. Bxd3 Rxg2+ 33. Kf1
Rxh2 34. Kg1 Rag2+ 35. Kf1 Rh1+ 36. Kxg2 Rxc1 37. Kf3 a5 38. Be4 a4 39. Bd5 a3
40. Ke4 Rd1 41. Bc4 h5 42. Kf4 h4 43. Kg4 Rc1 44. Bd5 Rc5 45. Bb3 Rb5 46. Ba2
Rb2 47. Bd5 a2 48. Bxa2 Rxa2 49. Kxh4 Kg7 50. Kg4 Kf6 51. Kf4 Ra4+ 52. Kf3 Ke5
53. Ke2 Ke4 54. Kf2 Ra3 55. Kg3 Rxe3+ 56. Kg4 f5+ 57. Kg5 f4 58. Kxg6 f3 59. Kf6
f2 60. Ke6 f1=Q 61. Kd6 Qb5 62. Ke6 Ra3 63. Kd6 Ra6+ 64. Kc7 Qc6+ 65. Kd8 Qb7
66. Ke8 Ra8# 0-1

[Event "Titled Tue 3rd Jan Late"]
[Site "chess.com INT"]
[Date "2025.06.03"]
[Round "2"]
[White "Gimeno Martos, Roberto"]
[Black "Venkatesh, Narayan"]
[Result "0-1"]
[WhiteTitle "CM"]
[BlackTitle "FM"]
[WhiteElo "2090"]
[BlackElo "2168"]
[WhiteFideId "2226804"]
[BlackFideId "30987881"]
[EventDate "2025.06.03"]

1. e4 Nc6 2. g3 d6 3. Bg2 g6 4. d3 Bg7 5. Nd2 e5 6. c3 Nf6 7. h3 O-O 8. Ngf3 h6
9. O-O Be6 10. Kh2 Nd7 11. Ng1 f5 12. f4 exf4 13. gxf4 fxe4 14. dxe4 Nc5 15. Nb3
Nxb3 16. axb3 Qd7 17. Ne2 a6 18. Ng3 Rad8 19. Qc2 Ne7 20. Be3 d5 21. Rad1 Qc8
22. Bc5 Rf7 23. Bxe7 Rxe7 24. exd5 Bf7 25. c4 Rde8 26. Be4 h5 27. Bd3 Re3 28. f5
Be5 29. Rg1 h4 30. Rg2 Bxg3+ 31. Kh1 Re1+ 32. Rxe1 Rxe1+ 33. Rg1 Re3 34. Be2 Qe8
35. Bg4 g5 36. f6 Bg6 37. Bf5 Bxf5 38. Qxf5 Qe4+ 39. Qxe4 Rxe4 40. Kg2 Kf7 41.
Kf3 Rf4+ 42. Ke3 Bf2+ 0-1

[Event "Titled Tue 3rd Jan Late"]
[Site "chess.com INT"]
[Date "2025.06.03"]
[Round "2"]
[White "Yazici, Ugur Doga"]
[Black "Khademi, Mohammad Miran"]
[Result "1-0"]
[WhiteTitle "CM"]
[BlackTitle "FM"]
[WhiteElo "2161"]
[BlackElo "2138"]
[WhiteFideId "6363342"]
[BlackFideId "12503550"]
[EventDate "2025.06.03"]

1. e4 c6 2. Nf3 d5 3. Nc3 Nf6 4. exd5 cxd5 5. d4 Nc6 6. Bb5 Bg4 7. O-O e6 8. h3
Bxf3 9. Qxf3 Bd6 10. Bg5 O-O 11. Rad1 Rc8 12. Rfe1 a6 13. Bf1 b5 14. Ne2 Nb4 15.
Rd2 Rxc2 16. Rxc2 Nxc2 17. Rc1 Qc7 18. Bxf6 gxf6 19. Ng3 Nxd4 20. Qg4+ Kh8 21.
Rxc7 Bxc7 22. Qxd4 Be5 23. Qa7 Bxb2 24. Qxa6 b4 25. Nh5 Bc3 26. Bd3 f5 27. Qd6
Kg8 28. Qg3+ Kh8 29. Qg5 Rg8 30. Qh6 Bd4 31. Nf6 Rg7 32. Kf1 Bc3 33. Nxh7 Kg8
34. Nf6+ Bxf6 35. Qxf6 1-0

[Event "Titled Tue 3rd Jan Late"]
[Site "chess.com INT"]
[Date "2025.06.03"]
[Round "2"]
[White "Sanal, Vahap"]
[Black "Ghimoyan, Narek"]
[Result "1-0"]
[WhiteTitle "GM"]
[BlackTitle "CM"]
[WhiteElo "2555"]
[BlackElo "2273"]
[WhiteFideId "6300545"]
[BlackFideId "13315412"]
[EventDate "2025.06.03"]

1. e4 e6 2. d4 d5 3. e5 c5 4. c3 Nc6 5. Nf3 Qb6 6. Bd3 cxd4 7. cxd4 Bd7 8. Bc2
Nb4 9. O-O Nxc2 10. Qxc2 Rc8 11. Nc3 Ne7 12. Qd3 Nc6 13. Bd2 Be7 14. Rac1 O-O
15. Na4 Qd8 16. Nc5 b6 17. Nxd7 Qxd7 18. Ng5 Bxg5 19. Bxg5 h6 20. Bd2 Ne7 21.
Bb4 Rfe8 22. Bxe7 Qxe7 23. Qa6 Qd7 24. h3 Rc7 25. Rxc7 Qxc7 26. Re1 Rc8 27. Re3
Qc1+ 28. Kh2 Rc7 29. Qa3 Qd2 30. Qd6 Rc1 31. Rf3 Rc8 32. Rxf7 Kxf7 33. Qd7+ Kg6
34. Qxe6+ Kh7 35. Qf5+ g6 36. Qd7+ Kg8 37. Qxc8+ Kf7 38. Qd7+ Kf8 39. Qd6+ Kg7
40. Qf6+ Kg8 41. Qxg6+ Kf8 42. Qf6+ Ke8 43. e6 1-0

[Event "Titled Tue 3rd Jan Late"]
[Site "chess.com INT"]
[Date "2025.06.03"]
[Round "2"]
[White "Tikhonov, Viacheslav"]
[Black "Cagliumi, Rodrigo Cesar"]
[Result "1-0"]
[WhiteTitle "CM"]
[WhiteElo "2183"]
[BlackElo "2121"]
[WhiteFideId "44196407"]
[BlackFideId "2109573"]
[EventDate "2025.06.03"]

1. e4 c5 2. Nf3 Nc6 3. d4 cxd4 4. Nxd4 Nf6 5. Nc3 e5 6. Ndb5 d6 7. Bg5 a6 8. Na3
Be7 9. Nc4 b5 10. Ne3 b4 11. Bxf6 bxc3 12. Bxe7 Nxe7 13. bxc3 O-O 14. Bd3 Qa5
15. Qd2 f5 16. Nc4 Qc5 17. Nxd6 Be6 18. Nxf5 Nxf5 19. exf5 Bxf5 20. Bxf5 Rxf5
21. O-O Rc8 22. Qd3 g6 23. Qxa6 Qxc3 24. Rac1 Rcf8 25. Qb6 R8f6 26. Qb3+ Qxb3
27. cxb3 Rd6 28. Rfd1 Rdf6 29. Rc2 g5 30. a4 h5 31. a5 g4 32. Ra1 e4 33. a6 Rf8
34. a7 Ra8 35. Rc4 Rf7 36. Rca4 Kg7 37. g3 Kg6 38. Ra6+ Kf5 39. R1a5# 1-0

[Event "Titled Tue 3rd Jan Late"]
[Site "chess.com INT"]
[Date "2025.06.03"]
[Round "2"]
[White "Yevchenko, Oleksandr"]
[Black "Noroozi, Omid"]
[Result "0-1"]
[WhiteTitle "CM"]
[BlackTitle "IM"]
[WhiteElo "2276"]
[BlackElo "2266"]
[WhiteFideId "14108267"]
[BlackFideId "12501190"]
[EventDate "2025.06.03"]

1. c4 e6 2. e4 c5 3. Nc3 Nc6 4. Nf3 g6 5. d4 cxd4 6. Nxd4 Nf6 7. Ndb5 Bc5 8.
Nd6+ Ke7 9. Bg5 h6 10. Bxf6+ Kxf6 11. Qf3+ Ke7 12. Nxf7 Nd4 13. Nxd8 Nxf3+ 14.
gxf3 Rxd8 15. Rg1 g5 16. h4 Kf6 17. hxg5+ hxg5 18. e5+ Kg6 19. f4 Rf8 20. Rxg5+
Kf7 21. Ne4 Be7 22. Rg3 b6 23. O-O-O Bb7 24. Bd3 Rac8 25. b3 b5 26. Ng5+ Bxg5
27. fxg5 Ke7 28. Rd2 bxc4 29. bxc4 Rf4 30. g6 Be4 31. Bxe4 Rxe4 32. g7 Rexc4+
33. Kb2 Rb8+ 34. Ka3 Rc6 0-1

[Event "Titled Tue 3rd Jan Late"]
[Site "chess.com INT"]
[Date "2025.06.03"]
[Round "2"]
[White "Florescu, Codrut-Constantin"]
[Black "Galchenko, Matvey"]
[Result "1-0"]
[WhiteTitle "IM"]
[BlackTitle "IM"]
[WhiteElo "2193"]
[BlackElo "2442"]
[WhiteFideId "1202200"]
[BlackFideId "24175480"]
[EventDate "2025.06.03"]

1. d4 Nf6 2. Nf3 c5 3. d5 b5 4. c4 Qa5+ 5. Bd2 b4 6. Na3 Qb6 7. Nc2 g6 8. b3 a5
9. a4 Bg7 10. g3 Ne4 11. Bg2 O-O 12. O-O d6 13. Ng5 Nc3 14. Qe1 h6 15. Nh3 Bxh3
16. Bxh3 Qc7 17. e4 Nd7 18. f4 Rae8 19. Kg2 e6 20. dxe6 fxe6 21. Kh1 Nf6 22. Bg2
Kh7 23. Qe3 d5 24. cxd5 exd5 25. e5 Nfe4 26. Rae1 c4 27. Nd4 cxb3 28. Nxb3 Qc6
29. Ra1 Qc7 30. Nd4 Qc4 31. Rfc1 g5 32. Bxe4+ dxe4 33. Bxc3 bxc3 34. Rxc3 Qd5
35. Rac1 gxf4 36. gxf4 Rd8 37. Ne2 Bxe5 38. fxe5 Rf3 39. Rc7+ Kg8 40. Rg1+ 1-0

[Event "Titled Tue 3rd Jan Late"]
[Site "chess.com INT"]
[Date "2025.06.03"]
[Round "2"]
[White "Montano Vicente, Guadalupe"]
[Black "Minko, Dmitry"]
[Result "0-1"]
[BlackTitle "FM"]
[WhiteElo "1940"]
[BlackElo "2247"]
[WhiteFideId "5181399"]
[BlackFideId "24188468"]
[EventDate "2025.06.03"]

1. d4 d5 2. c4 e6 3. Nc3 Be7 4. Nf3 Nf6 5. Bg5 O-O 6. e3 Nbd7 7. Rc1 h6 8. Bh4
a6 9. c5 Ne4 10. Bxe7 Qxe7 11. Bd3 Nxc3 12. Rxc3 c6 13. O-O e5 14. Nxe5 Nxe5 15.
dxe5 Qxe5 16. Bb1 Re8 17. h3 Be6 18. Qd3 g6 19. Qd4 Qg5 20. Kh1 Bf5 21. Bxf5
Qxf5 22. f3 Re7 23. g4 Qg5 24. e4 dxe4 25. fxe4 Rae8 26. Qc4 Qe5 27. Rcf3 Rf8
28. Qc1 Qxe4 29. Qxh6 Qd5 30. b4 Re2 31. Qf4 Qxa2 32. R3f2 Qd5+ 33. Kg1 Re4 34.
Qc7 Rxb4 35. Qxc6 Qxc6 0-1

[Event "Titled Tue 3rd Jan Late"]
[Site "chess.com INT"]
[Date "2025.06.03"]
[Round "2"]
[White "Brown, Raehanna"]
[Black "Cornelisse, Lorelei"]
[Result "0-1"]
[WhiteTitle "WFM"]
[BlackTitle "WFM"]
[WhiteElo "1906"]
[BlackElo "2132"]
[WhiteFideId "7402740"]
[BlackFideId "1087177"]
[EventDate "2025.06.03"]

1. c4 b6 2. Nc3 Bb7 3. e4 e6 4. d4 Bb4 5. f3 f5 6. Qc2 fxe4 7. Be2 Qh4+ 8. g3
Qf6 9. fxe4 Qxd4 10. Bf3 Qxc4 11. Ne2 Nf6 12. Bd2 Bxc3 13. Nxc3 Nc6 14. Be3 Nb4
15. Qe2 Qxe2+ 16. Kxe2 Ba6+ 17. Kd2 O-O 18. a3 Nc6 19. Bf4 Nd4 20. Bd1 d6 21. e5
Ne8 22. exd6 cxd6 23. Be3 e5 24. b4 Rc8 25. Bxd4 exd4 26. Nd5 Rd8 27. Bb3 Rf2+
28. Ke1 Re2+ 29. Kd1 Rb2 30. Ba2 Be2+ 31. Ke1 Bf3 0-1

[Event "Titled Tue 3rd Jan Late"]
[Site "chess.com INT"]
[Date "2025.06.03"]
[Round "2"]
[White "Zhigalko, Sergei"]
[Black "Carlsson, Ludvig"]
[Result "1-0"]
[WhiteTitle "GM"]
[BlackTitle "IM"]
[WhiteElo "2572"]
[BlackElo "2374"]
[WhiteFideId "13502956"]
[BlackFideId "1727010"]
[EventDate "2025.06.03"]

1. e4 e5 2. Nf3 Nf6 3. d4 Nxe4 4. Bd3 d5 5. Nxe5 Nd7 6. Nxd7 Bxd7 7. O-O Bd6 8.
Nc3 Nxc3 9. bxc3 O-O 10. Qh5 f5 11. Re1 Qf6 12. Qf3 c6 13. Bf4 Rae8 14. h4 g6
15. Qg3 Bxf4 16. Qxf4 Qd8 17. c4 Rxe1+ 18. Rxe1 Re8 19. Re5 Rxe5 20. dxe5 Be6
21. h5 dxc4 22. Bxc4 Qd1+ 23. Bf1 Qxh5 24. Qd4 Qg5 25. Qd6 Bxa2 26. c4 Qc1 27.
Qb8+ Kg7 28. Qxb7+ Kh6 29. Qxc6 a5 30. g3 Bb1 31. Qd6 Ba2 32. Qd4 Qe1 33. c5 1-0

[Event "Titled Tue 3rd Jan Late"]
[Site "chess.com INT"]
[Date "2025.06.03"]
[Round "2"]
[White "Tan, Zhongyi"]
[Black "Bortnyk, Olexandr"]
[Result "0-1"]
[WhiteTitle "GM"]
[BlackTitle "GM"]
[WhiteElo "2536"]
[BlackElo "2601"]
[WhiteFideId "8603642"]
[BlackFideId "14120828"]
[EventDate "2025.06.03"]

1. e4 Nf6 2. e5 Nd5 3. d4 d6 4. Nf3 dxe5 5. Nxe5 c6 6. Be2 Bf5 7. O-O Nd7 8. Nf3
e6 9. c4 N5f6 10. Nc3 Bd6 11. Re1 O-O 12. h3 h6 13. Be3 Re8 14. Qb3 Qc7 15. Rad1
a5 16. a3 e5 17. c5 Bf8 18. dxe5 Nxe5 19. Nxe5 Qxe5 20. Qxb7 Rab8 21. Qxc6 Bc2
22. Rd2 Rxb2 23. Nd5 Be4 24. Nxf6+ gxf6 25. Qa4 Rxd2 26. Bxd2 Bxc5 27. Bf3 f5
28. Bc3 Qe7 29. Qxa5 Bxa3 30. Bxe4 fxe4 31. Qf5 Qg5 32. Qd7 Rd8 33. Qc7 Bd6 34.
Qb6 Rd7 35. Kf1 Qd5 0-1

[Event "Titled Tue 3rd Jan Late"]
[Site "chess.com INT"]
[Date "2025.06.03"]
[Round "2"]
[White "Gonzalez Vega, Alejandro"]
[Black "Bian, Alex"]
[Result "0-1"]
[WhiteTitle "FM"]
[BlackTitle "FM"]
[WhiteElo "2092"]
[BlackElo "2342"]
[WhiteFideId "3510042"]
[BlackFideId "2056372"]
[EventDate "2025.06.03"]

1. d4 Nf6 2. c4 e6 3. Nc3 c5 4. d5 exd5 5. cxd5 d6 6. e4 g6 7. f4 Bg7 8. Bb5+
Nfd7 9. Be2 O-O 10. Nf3 f5 11. exf5 Rxf5 12. O-O Rf8 13. a4 Nf6 14. a5 Na6 15.
h3 Nb4 16. Ng5 Re8 17. Bc4 h6 18. Nf3 Ne4 19. Nxe4 Rxe4 20. Qb3 Bf5 21. Bd2 Rxc4
22. Qxc4 Bd3 23. Qb3 Bxf1 24. Kxf1 Qf6 25. Bxb4 cxb4 26. Qxb4 Rc8 27. Re1 Rc2
28. Qxb7 Rxb2 29. Qc8+ Kh7 30. Qe6 Qxf4 31. Qe3 Qg3 32. Re2 Rb1+ 33. Re1 Rb2 34.
Re2 Rb5 35. Qf2 Qf4 36. Qe3 Qc4 37. Kg1 Rxd5 38. Kh2 Rd3 0-1

[Event "Titled Tue 3rd Jan Late"]
[Site "chess.com INT"]
[Date "2025.06.03"]
[Round "2"]
[White "Torosyan, Volodya"]
[Black "Mitrabha, Guha"]
[Result "0-1"]
[WhiteTitle "CM"]
[BlackTitle "GM"]
[WhiteElo "2186"]
[BlackElo "2515"]
[WhiteFideId "13319051"]
[BlackFideId "5057000"]
[EventDate "2025.06.03"]

1. e4 c6 2. d4 d5 3. Nc3 dxe4 4. Nxe4 Nf6 5. Nxf6+ gxf6 6. c3 h5 7. Bc4 h4 8. h3
Nd7 9. Nf3 Nb6 10. Bb3 Bf5 11. Bf4 e6 12. Qd2 Nd5 13. O-O Be4 14. Nh2 Bd6 15.
Bxd6 Qxd6 16. Ng4 Bf5 17. Bxd5 Bxg4 18. Be4 Bh5 19. Rfe1 O-O-O 20. Qe3 Rdg8 21.
b4 Rg5 22. Kh1 Rhg8 23. Rg1 f5 24. Bf3 Bxf3 25. Qxf3 Qd5 26. Qxd5 cxd5 27. Rae1
Kd7 28. Re3 f6 29. Kh2 f4 30. Rd3 Kd6 31. g4 hxg3+ 32. fxg3 e5 33. dxe5+ fxe5
34. g4 e4 35. Rd4 Rc8 36. Re1 Re5 37. Rf1 f3 38. c4 Rxc4 39. Rxc4 dxc4 40. Kg3
a5 41. Rd1+ Rd5 42. Re1 Ke5 43. h4 c3 44. h5 c2 45. Rc1 Rd2 46. bxa5 Rg2+ 47.
Kh3 e3 48. h6 Kf6 49. g5+ Kg6 50. a6 bxa6 51. Kh4 Rd2 52. Rh1 Rd1 0-1

[Event "Titled Tue 3rd Jan Late"]
[Site "chess.com INT"]
[Date "2025.06.03"]
[Round "2"]
[White "Daianu, Cristian-Clement"]
[Black "Zahedifar, Anahita"]
[Result "1-0"]
[WhiteTitle "FM"]
[BlackTitle "WFM"]
[WhiteElo "2205"]
[BlackElo "2143"]
[WhiteFideId "1208926"]
[BlackFideId "12560715"]
[EventDate "2025.06.03"]

1. e4 c6 2. d4 d5 3. f3 g6 4. c3 Bg7 5. Bd3 Nd7 6. Ne2 e5 7. O-O Ne7 8. Kh1 O-O
9. Be3 f5 10. Nd2 dxe4 11. fxe4 f4 12. Bg1 g5 13. Nf3 Ng6 14. Qb3+ Kh8 15. Rad1
Qe7 16. dxe5 Ndxe5 17. Ned4 g4 18. Nxe5 Nxe5 19. Bc2 f3 20. Nf5 Bxf5 21. exf5
fxg2+ 22. Kxg2 Nf3 23. Qc4 Rae8 24. Kh1 Qh4 25. Rxf3 b5 26. Qf4 Be5 27. Bd4 Qf6
28. Qxg4 Rg8 29. Bxe5 Rxe5 30. Qf4 Re2 31. Rf2 Re5 32. Bb3 Rf8 33. Rg1 c5 34.
Rfg2 c4 35. Bc2 Rfe8 36. Qg4 Qf7 37. f6 Re1 38. Qg7+ Qxg7 39. fxg7+ Kg8 40. h3
R1e3 41. Kh2 Re2 42. Rxe2 Rxe2+ 43. Rg2 Re3 44. Bxh7+ 1-0

[Event "Titled Tue 3rd Jan Late"]
[Site "chess.com INT"]
[Date "2025.06.03"]
[Round "2"]
[White "Feng, Eric"]
[Black "Garcia, Jhoel"]
[Result "0-1"]
[BlackTitle "IM"]
[WhiteElo "2126"]
[BlackElo "2304"]
[WhiteFideId "30952590"]
[BlackFideId "3801110"]
[EventDate "2025.06.03"]

1. d4 e6 2. c4 Nf6 3. Nf3 b6 4. g3 Bb7 5. Bg2 Bb4+ 6. Bd2 Be7 7. O-O O-O 8. Nc3
Ne4 9. Rc1 d6 10. d5 Nxc3 11. Bxc3 e5 12. e4 Nd7 13. Ne1 a5 14. Nd3 Nc5 15. f4
Nxd3 16. Qxd3 Bf6 17. fxe5 Bxe5 18. Bxe5 dxe5 19. c5 Ba6 20. Qc3 Bxf1 21. Bxf1
Qg5 22. Rc2 Rab8 23. Rf2 Qe7 24. c6 Rbd8 25. a3 Rd6 26. Bh3 Rf6 27. Rd2 Qd6 28.
Bg2 Ra8 29. Rc2 a4 30. Bf1 Ra5 31. Qb4 Qxb4 32. axb4 Ra7 33. Rc3 Rd6 34. Ra3 f5
35. exf5 Kf8 36. Bg2 Rd8 37. Be4 Ke7 38. Kf2 Kd6 39. Ke3 Rf8 40. g4 h6 41. h4
Rh8 42. Kd3 b5 43. Ke3 Rb8 44. Ke2 Rba8 45. Kd3 Rf8 46. Ke3 Raa8 47. Kf3 Rh8 48.
Kg3 Rhf8 49. Rc3 Rfb8 50. g5 hxg5 51. hxg5 Rb6 52. Rf3 a3 53. bxa3 Rba6 54. f6
Rxa3 55. fxg7 Rxf3+ 56. Kxf3 Rg8 57. Kg4 Rxg7 58. Kf5 Rf7+ 59. Kg6 Rf4 60. Bg2
Rxb4 61. Kf6 Rf4+ 62. Kg6 e4 63. Kh7 e3 64. g6 e2 65. g7 Rh4+ 66. Kg6 Rg4+ 67.
Kf7 Rxg2 68. g8=Q Rxg8 69. Kxg8 e1=Q 70. Kf8 b4 71. Kf7 b3 72. Kf8 b2 0-1